000 00544nam a22001817a 4500
005 20251108165430.0
008 250721s1981 xx 000 0 ara d
082 1 4 _aم/745.619956/ناج
100 1 _aالمصرف، ناجي زين الدين
245 1 0 _aبدائع الخط العربي /
250 _aط2
264 1 _aبغداد :
_bمكتبة النهضة،
_c1981.
300 _a508ص
650 1 7 _aالخط العربي
700 1 _aعبد الواحد، عبد الرازق
_eتحقيق
942 _2ddc
_cREF
999 _c27764
_d27764